000 00457nam a2200157Ia 4500
008 210716s2009 xx 000 0 und d
020 _a01992390002
041 _aeng
082 _a658.84 GAYR
100 _aGay, Richard;Charlesworth, Alan;Esen, Rita.
245 _aOnline marketing: a customer- led approach.
_bA customer- led approach.
250 _a1
260 _aNew York
_bOxford University Press
_c2009
300 _axv,538
650 _aE-Commerce
999 _c203856
_d203856